000 01201nam a2200301 i 4500
001 185230
003 SpMaBN
005 20251207124551.0
008 160420s2003 sp j |||| |bspa d
080 _a929 Einstein, Albert
100 1 _aHighfield, Roger.
_9159402
245 1 4 _aLas vidas privadas de Albert Einstein /
_cRoger Highfield y Paul Carter ; prólogo de César Nombela ; [traductor, Javier Alfaya].
250 _aEd. especial para este periódico.
260 _a[Barcelona] :
_bABC :
_bFolio,
_c[2003]
300 _a380 p. ;
_c21 cm.
490 1 _aBiblioteca ABC. Protagonistas del s. XX ;
_v18. Las biografías que construyeron el siglo
500 _aÍndice.
504 _aBibliografía: p. [361]-364.
600 1 4 _aEinstein, Albert,
_d1879-1955
_946838
700 1 _aCarter, Paul.
_9159403
700 1 _aNombela Cano, César.
_985932
700 1 _aAlfaya, Javier,
_d1939-2018
_919827
710 2 _aDiario ABC.
_91137
830 0 0 _aBiblioteca ABC. Protagonistas del s. XX
_v18. Las biografías que construyeron el siglo
_9192266
852 _aES-MaACL
_jA-13706
_9192250
_bR.150376
_cDEPO1
_dOlim: N-6706
_x- enc. cart.
942 _2udc
999 _c185230
_d185230